000 01011nam a22002057a 4500
999 _c56855
_d56855
003 Ge_BSU
005 20200129112544.0
008 190516s2016 ge ||||| |||| 00| 0 geo d
020 _a9292273345
041 _ageo
080 _a343.1 ს-54
245 _aსისხლის სამართლის საერთაშორისო სასამართლო, მიმოხილვა /
_cილუსტრ. ელ-ტაიებ საედი.
264 _aთბილისი :
_bსისხლის სამათლის საერთაშორისო სასამართლოს გამოცემა,
_c2016.
300 _a44 გვ.;
_b21 სმ.
440 _aInternational Criminal Court
_96481
653 _aსისხლის სამართალი
653 _aსაერთაშორისო სასამართლო
700 _a საედი ელ-ტაიებ
_eილუსტრაცია
_96482
942 _2udc
_cBK